| 000 | 00584 a2200169 4500 | ||
|---|---|---|---|
| 999 |
_c628 _d628 |
||
| 008 | 210812b ||||| |||| 00| 0 eng d | ||
| 020 | _a9781472948014 | ||
| 082 | 0 | 0 |
_a528.2 _bT742 |
| 245 |
_aReeds marina guide 2018: directory of marinas, marine supplies and services / _cedited by Perrin Towler and Mark Fishwick |
||
| 260 |
_aLondon: _bAdlard Coles Nautical, _c2018. |
||
| 300 | _a128 p. | ||
| 500 | _aReeds Nautical Almanac An imprint of Bloomsbury Publishing | ||
| 650 | 0 | _aNautical Almanacs | |
| 700 |
_95141 _aTowler, Perrin |
||
| 700 |
_95142 _aFishwick, Mark |
||
| 942 |
_2ddc _cBK |
||